| 000 | 00672nam a2200229 i 4500 | ||
|---|---|---|---|
| 001 | bgj | ||
| 245 | 0 | 0 |
_aThe Natural Healing and Nutrition Annual 1991 / _cedited by Mark Bricklin ; written by the Staff of Rodale Press. |
| 260 |
_aEmmaus, Pa : _bRodale Press, _cc. 1991. |
||
| 300 |
_aXIII, 305 pp ; _c23 cm. |
||
| 505 | _aIncludes index. | ||
| 650 | 9 | _aHealth | |
| 650 | 9 | _aNature, Healing power of | |
| 655 | _aPeriodicals | ||
| 700 | 1 |
_aBRICKLIN, Mark. _eed. |
|
| 710 | p | 0 | _aPREVENTION MAGAZINE HEALTH BOOKS |
| 020 | _a0878579133 | ||
| 040 | _cBPK | ||
| 041 | 0 | _aeng | |
| 920 | _a0-87857-913-3 | ||
| 942 | _cKS | ||
| 008 | s uk f |000 0 eng | ||
| 999 |
_c47583 _d47583 |
||
| 856 |
_uhttp://koha.tu.koszalin.pl/cgi-bin/koha/opac-detail.pl?biblionumber=47583 _yKatalog online BPK |
||